Score 0/43 Timer 06:00
0 Plays Today
% Correct
Los Angeles
96.3%
Bay Area
95.4%
Twin Cities
95.4%
Tampa
95.4%
Houston
94.4%
Atlanta
94.4%
Phoenix
94.4%
New York
93.5%
Chicago
93.5%
Dallas
93.5%
Miami
93.5%
Portland
93.5%
New Orleans
93.5%
Boston
92.6%
Detroit
92.6%
Seattle
92.6%
Denver
92.6%
Orlando
92.6%
Salt Lake City
92.6%
Virginia Beach
91.7%
OKC
91.7%
San Diego
90.7%
% Correct
Sacramento
90.7%
Jacksonville
90.7%
Pittsburgh
88.9%
Las Vegas
88%
St. Louis
84.3%
Kansas City
84.3%
Nashville
84.3%
Hartford
84.3%
Columbus
83.3%
Raleigh
83.3%
Philadelphia
82.4%
San Antonio
81.5%
Cleveland
81.5%
Memphis
80.6%
Louisville
80.6%
Baltimore
79.6%
Austin
79.6%
Indianapolis
75.9%
Richmond
75%
Cincinnati
74.1%
Charlotte
73.1%
Remove Ads.
Support Sporcle.
Get the best of Sporcle when you Go Orange. This ad-free experience offers more features, more stats, and more fun while also helping to support Sporcle. Thank you for becoming a member.

You're not logged in!

Compare scores with friends on all Sporcle quizzes.
OR
Log In

Show Comments

Extras

Created Dec 20, 2018SourceReportNominate
Tags:nasa, place, US Places

Top Quizzes Today


Score Distribution

Your Account Isn't Verified!

In order to create a playlist on Sporcle, you need to verify the email address you used during registration. Go to your Sporcle Settings to finish the process.

Report this User

Report this user for behavior that violates our Community Guidelines.

Details: